Joueur ayant 80 sélections minimum en Equipe de France - Mort subite - Statistiques

Statistiques générales
  • Ce quiz a été pris 95 fois
  • Le résultat moyen est 6 sur 16
Answers on the Grid
Answers color-coded by a green-red scale on the quiz's grid according to % correct below.
Sylvain Wiltord
Thierry Henry
David Trezeguet
William Gallas
Michel Platini
Moussa Sissoko
Bixente Lizarazu
Robert Pires
Emmanuel Petit
Blaise Matuidi
Karim Benzema
Kilian Mbappe
Willy Sagnol
Hugo Lloris
Lilian Thuram
Fabien Barthez
N'golo Kanté
Eric Abidal
Zinedine Zidane
Maxime Bossis
Olivier Giroud
Christophe Dugarry
Laurent Blanc
Luis Fernandez
Franck Ribery
Patrick Viera
Jean Pierre Papin
Laurent Koscielny
Raphaël Varane
Samir Nasri
 
Statistiques - réponses
Réponse % Correct
Thierry Henry
94%
Hugo Lloris
54%
Lilian Thuram
46%
Zinedine Zidane
46%
Olivier Giroud
40%
Patrick Viera
40%
Bixente Lizarazu
38%
Fabien Barthez
35%
Raphaël Varane
35%
Laurent Blanc
32%
Kilian Mbappe
26%
Blaise Matuidi
22%
Sylvain Wiltord
18%
William Gallas
18%
Karim Benzema
17%
Franck Ribery
12%
Aucun quiz correspondant
Distribution des résultats
% des personnes avec chaque résultat
Percentile par nombre de réponses
Votre historique - résultats
Vous n’avez pas pris ce quiz